| 000 | 01990nam a2200493 i 4500 | ||
|---|---|---|---|
| 001 | 5462 | ||
| 003 | KOSZ 005 | ||
| 005 | 20200527123714.0 | ||
| 008 | 020626s1992 pl a f |000 0 pol | ||
| 015 | _aPB 2002/15614 | ||
| 020 | _a8321335667 | ||
| 020 | _a8321335675 | ||
| 040 |
_aWA N _cWA N _dKOSZ 005/HR |
||
| 046 | _k1992 | ||
| 080 | _a349.442(438) | ||
| 080 | _a624.014 | ||
| 245 | 0 | 0 |
_aWarunki techniczne wykonania i odbioru robót budowlano-montażowych. _nT. 3, _pKonstrukcje stalowe / _c [red. nauk. Elżbieta Gomulińska, Andrzej Machalski ; aut. Jan Krawczyk et al.] ; Ministerstwo Gospodarki Przestrzennej i Budownictwa, Centralny Ośrodek Badawczo-Projektowy Konstrukcji Metalowych "Mostostal". |
| 246 | 3 | 0 | _aKonstrukcje stalowe |
| 250 |
_aWyd. 5 _baktualiz. Józef Budnik, Zbigniew Obrębski. |
||
| 260 |
_aWarszawa : _b"Arkady", _c1992. |
||
| 300 |
_a71, [1] s. : _bil. ; _c29 cm. |
||
| 336 |
_2rdacontent _aTekst _btxt |
||
| 337 |
_2rdamedia _aBez urządzenia pośredniczacego _bn |
||
| 338 |
_2rdacarrier _aWolumin _bnc |
||
| 380 | _aKsiążki | ||
| 380 | _aPublikacje fachowe | ||
| 388 | _a1901-2000 | ||
| 388 | _a1989-2000 | ||
| 500 | _aNa s. red. zbędny ISBN wyd. 4. | ||
| 650 | 4 | _aBudownictwo | |
| 650 | 4 | _aPrawo budowlane | |
| 650 | 4 | _aNormalizacja | |
| 651 | 4 | _aPolska | |
| 658 | _aArchitektura i budownictwo | ||
| 658 | _aPrawo i wymiar sprawiedliwości | ||
| 700 | 1 |
_aGomulińska, Elżbieta _eRedakcja |
|
| 700 | 1 |
_aMachalski, Andrzej _eRedakcja |
|
| 700 | 1 |
_aKrawczyk, Jan _eAutor |
|
| 710 | 1 | _aMinisterstwo Gospodarki Przestrzennej i Budownictwa | |
| 710 | 2 | _aCentralny Ośrodek Badawczo-Projektowy Konstrukcji Metalowych "Mostostal" (Warszawa) | |
| 710 | 2 |
_aWydawnictwo Arkady _4pbl |
|
| 856 |
_uhttp://koha.tu.koszalin.pl/cgi-bin/koha/opac-detail.pl?biblionumber=5462 _yKatalog online BPK |
||
| 942 |
_2UKD _cKS |
||
| 999 |
_c5462 _d5462 |
||